Normal view MARC view
  • Surface plasmon resonance

Entry Topical Term

Number of records used in: 2

001 - CONTROL NUMBER

  • control field: 36995

003 - CONTROL NUMBER IDENTIFIER

  • control field: OSt

005 - DATE AND TIME OF LATEST TRANSACTION

  • control field: 20141218155403.0

008 - FIXED-LENGTH DATA ELEMENTS

  • fixed length control field: 141218|| aca||babn | a|a d

040 ## - CATALOGING SOURCE

  • Original cataloging agency: OSt

150 ## - HEADING--TOPICAL TERM

  • Topical term or geographic name as entry element: Surface plasmon resonance

450 ## - SEE FROM TRACING--TOPICAL TERM

  • Topical term or geographic name entry element: Plasmon resonance, Surface

450 ## - SEE FROM TRACING--TOPICAL TERM

  • Topical term or geographic name entry element: Resonance, Surface plasmon

450 ## - SEE FROM TRACING--TOPICAL TERM

  • Topical term or geographic name entry element: Sensing, Surface plasmon resonance

450 ## - SEE FROM TRACING--TOPICAL TERM

  • Topical term or geographic name entry element: SPR (Surface plasmon resonance)

450 ## - SEE FROM TRACING--TOPICAL TERM

  • Topical term or geographic name entry element: Surface plasmon resonance sensing

550 ## - SEE ALSO FROM TRACING--TOPICAL TERM

  • Topical term or geographic name entry element: Biosensors

550 ## - SEE ALSO FROM TRACING--TOPICAL TERM

  • Topical term or geographic name entry element: Optical detectors

550 ## - SEE ALSO FROM TRACING--TOPICAL TERM

  • Topical term or geographic name entry element: Plasmons (Physics)